| 000 | 01091cam a2200205 a 4500 | ||
|---|---|---|---|
| 999 |
_c57949 _d57949 |
||
| 001 | 16637847 | ||
| 005 | 20221114152619.0 | ||
| 008 | 110204s2011 nyu b 001 0 eng | ||
| 020 | _a9780230280724x | ||
| 041 | _aeng | ||
| 080 | _a341.24 M-20 | ||
| 245 | 0 | 0 |
_aMaking EU foreign policy : _bnational preferences, European norms and common policies / _cedited by Daniel C. Thomas. |
| 264 |
_aNew York : _bPalgrave Macmillan, _c2011. |
||
| 300 |
_a240 p. ; _c23 cm. |
||
| 653 | _aMAKING EU POLICY National Preferences, Europen Norms and Common Policies | ||
| 653 | _aევროკავშირის პოლიტიკის ეროვნული პრიორიტეტების, ევროპული ნორმებისა და საერთო პოლიტიკის გატარება | ||
| 653 | _aСОЗДАНИЕ ПОЛИТИКИ ЕС Национальные предпочтения, европейские нормы и общие правила | ||
| 700 | 1 |
_aThomas, Daniel C. _q _911131 _eრედაქტორი |
|
| 942 |
_2udc _cBK |
||